000
00200 a2200097 4500
001
6847
100
_a
Murphy, M E
245
_a
Managerial Accounting
260
_a
_b
Nostrand
_c
090
_c
5660
_d
5660
942
_a
NUST-CAE
_c
M
_c
32112
999
_c
241920
_d
241920